000 00505nam a2200169 4500
008 151203b xxu||||| |||| 00| 0 eng d
020 _a0618230017
082 _2c2004
_aDC 330
_bT162
100 _91105
_aTaylor, John B.
245 _aEconomics/
_cJohn B. Taylor.
250 _aFourth edition.
260 _aBoston:
_bHoughton Mifflin Company,
_cc2004.
300 _axl, 776 pages:
_billustrations;
_c26 cm.
500 _aIncludes index, glossary and credits.
650 0 _91107
_aEconomics
942 _2ddc
_cDC
999 _c440
_d440